LEADER 00583naa a2200145 i 4500 001 000000308015 003 CaOOAMICUS 005 20180831172927.0 008 180831n it u000 u ita u 013 $a16958 040 $aSeMil$bita 100 1 $aBernanos, Georges,$d<1888-1948>.$0(OLS)http://semarc/name/9030 245 10$aDialoghi delle carmelitane. 773 0 $aBernanos, Georges <1888-1948>$tRomanzi e «Dialoghi delle carmelitane».$b3. ed.$dMilano : Mondadori, 2006.$kMeridiani$z88-04-43587-9$gp.[1167]-1292$w()190121 996 $6245$aDialoghi delle carmelitane$9(OLS)http://semarc/title/48654 LEADER 01129nam a2200217 i 4500 001 000000207734 003 CaOOAMICUS 005 20111104000000.0 008 111104s1922 it u000 u ita u 013 $a186517 040 $aSeMil$bita 100 1 $aCaldonazzo, Bruto.$0(OLS)http://semarc/name/74563 245 10$aEsercizi e complementi di analisi matematica :$bsvolte nel R. Istituto Tecnico Superiore di Milano nell'Anno Accademico 1921-1922 pel 2. corso preparatorio /$cB. Caldonazzo. 260 $aMilano :$bLibreria Editrice Politecnica Cesare Tamburini,$c1922. 300 $a124 p. :$bill. ;$c24 cm. 500 $aBozze di stampa. 650 4$aAnalisi matematica.$0(OLS)http://semarc/subject/3876 850 $aSeMil 852 $aSeMil$W1$xVenegono$y1$m3W V 276$j158193$B158193$CSeMilBibl$Z2$F169413 $81 996 $6245$aEsercizi e complementi di analisi matematica :$bsvolte nel R. Istituto Tecnico Superiore di Milano nell'Anno Accademico 1921-1922 pel 2. corso preparatorio$9(OLS)http://semarc/title/300385 996 $6260$aMilano :$bLibreria Editrice Politecnica Cesare Tamburini$9(OLS)http://semarc/publisher/52108